|
|
|
|
| LEADER |
00000nam a2200000 a 4500 |
| 001 |
vtls001182700 |
| 003 |
SK-MaSNL |
| 005 |
20260302031711.0 |
| 008 |
251113s1995 PL a pol |
| 020 |
|
|
|a 8385167250
|
| 035 |
|
|
|a SNK000125747
|
| 035 |
|
|
|a urn:nbn:sk:snk-amljgd
|
| 035 |
|
|
|a urn:nbn:sk:snk-am00bpuz
|
| 035 |
|
|
|a 783FA1FE-9EC7-4633-90C8-5DAFED469359
|
| 040 |
|
|
|a SNK
|b slo
|c SNK
|e AACR2
|
| 041 |
0 |
|
|a pol
|
| 044 |
|
|
|a PL
|
| 080 |
|
|
|a 52(084.12)
|2 1981
|
| 100 |
1 |
|
|a Becklake, Sue
|4 aut
|9 281695
|
| 245 |
1 |
|
|a Budowa wszechświata
|b [Galaktyki, gwiazdy, komety, czarne dziury i kwazary, układ słoneczny, podróże kosmiczne]
|c Tekst Sue Becklake ; Il. Brian Delf, Luciano Corbella
|
| 250 |
|
|
|a 4. wyd.
|
| 260 |
|
|
|a Warszawa
|b BGW
|c 1995
|e Martin
|f Neografia
|
| 300 |
|
|
|a 64 s.
|c 29 cm
|
| 490 |
1 |
|
|a Świat wczoraj i dziś
|
| 500 |
|
|
|a Prel. Grzegorz Szymanowski
|
| 650 |
0 |
7 |
|a astronómia
|2 SNKPH
|9 730
|
| 650 |
0 |
7 |
|a vesmír
|2 SNKPH
|9 1770
|
| 655 |
|
7 |
|a ilustrované publikácie
|2 SNKPH
|9 109406
|
| 655 |
|
7 |
|a publikácie pre deti
|2 SNKPH
|9 70148
|
| 700 |
1 |
|
|a Delf, Brian
|4 ill
|9 41298
|
| 700 |
1 |
|
|a Corbella, Luciano
|4 ill
|9 41286
|
| 830 |
|
0 |
|a Świat wczoraj i dziś
|9 575541
|
| 919 |
|
|
|a 83-85167-25-0
|
| 958 |
|
|
|a OND
|
| 999 |
|
|
|c 1053404
|d 1055334
|
| 952 |
|
|
|t P60, <03>, [BOOK], {603}
|a SNK
|b SNK
|y PREZ
|7 0
|p 17A0001356
|o snkSB 55059
|i snkKSP 1844/96
|0 0
|1 0
|4 0
|d 1996-03-19
|f 1
|l 0
|r 2025-03-28 00:00:00
|w 2026-02-24
|